Statistics for Who Controls It? #2

Click here to take the quiz!

General Stats

  • This quiz has been taken 22,310 times
    (21,336 since last reset)
  • The average score is 18 of 24

Answer Stats

PlaceCountry% Correct
One World Trade CenterUnited States
98%
NormandyFrance
97%
Macchu PichuPeru
95%
QueenslandAustralia
94%
Mount VesuviusItaly
94%
Chernobyl Exclusion ZoneUkraine
92%
ChihuahuaMexico
89%
La Sagrada FamiliaSpain
89%
GibraltarUnited Kingdom
89%
BavariaGermany
87%
ThessalonikiGreece
77%
HainanChina
76%
SapporoJapan
76%
BakuAzerbaijan
74%
The AzoresPortugal
73%
TimbuktuMali
67%
Indus River DeltaPakistan
64%
Serengeti National ParkTanzania
61%
Mount AraratTurkey
61%
Lake LucerneSwitzerland
60%
Hermitage MuseumRussia
46%
MandalayMyanmar
42%
Negev DesertIsrael
41%
Milford SoundNew Zealand
38%

Score Distribution

Percentile by Number Answered

Percent of People with Each Score

Your Score History

You have not taken this quiz since the last reset